கணிதம் தரம் 4 /

Saved in:
Bibliographic Details
Main Author: ஏ.எஸ்.ஜௌபர்
Format: Book
Language:English
Tamil
Published: கொழும்பு : மாணவன் பதிப்பகம் ; 2023.
Subjects:
Tags: Add Tag
No Tags, Be the first to tag this record!

MARC

LEADER 00000nam a22000007a 4500
005 20260410150914.0
008 260410b |||||||| |||| 00| 0 eng d
020 |a 9789553990167 
041 |a tam 
082 |a 372.7  |b ஜௌபர் 
100 |a ஏ.எஸ்.ஜௌபர்  |9 117204 
245 |a கணிதம் தரம் 4 /  |c  ஏ.எஸ்.ஜௌபர் 
260 |a  கொழும்பு :  |b மாணவன் பதிப்பகம் ;  |c 2023. 
300 |a 270 பக்.  |b 23.9 Cm. 
650 |a (Mathematics - Elementary Education)  |9 117207 
942 |c BK 
999 |c 71246  |d 71246